| 000 | 01349cam a2200253 4500 | ||
|---|---|---|---|
| 001 | ABS63118 | ||
| 008 | 000000n2000 000 0 eng u | ||
| 035 | _a(Sirsi) u109511 | ||
| 100 | _aCronin, S | ||
| 245 | _aConstructing the IT superhighway | ||
| 260 | _c2000 | ||
| 490 |
_aConstruction News _v(6692) 16 November 2000, 24(1) |
||
| 520 | _aExamines how developments in information and communications technology are providing significant opportunities for the construction industry. The latest, broadband technology, which allows quicker access to the internet, has prompted many utility contractors to install fast-work networks. This in turn provides opportunities for controlling broadband access in buildings, which the property sector has already cashed in on. Contractors have been slower to respond, but some are recognising the advantages of providing turnkey fibre optics. Finally, the growth of the web-hosting and co-location markets, including the development of internet hotels, offers major financial incentives for contractors. | ||
| 590 | _aABS | ||
| 650 | _aFIBRE OPTICS | ||
| 650 | _aNETWORKS | ||
| 650 | _aCONTRACTORS | ||
| 650 | _aINTERNET HOTELS | ||
| 650 | _aBROADBAND TECHNOLOGY | ||
| 650 | _aCONSTRUCTION MARKET | ||
| 650 | _aINTERNET | ||
| 690 | _aBUILT ENVIRONMENT-CONSTRUCTION MARKET | ||
| 942 | _n0 | ||
| 999 |
_c65382 _d65382 |
||